| 000 | 01268cam a2200301Ia 4500 | ||
|---|---|---|---|
| 001 | treblevlegacyofc00gray | ||
| 003 | CaSfIA | ||
| 005 | 20210119104009.0 | ||
| 007 | cr|||| | ||
| 008 | 870121s1986 nyu 000 1 eng d | ||
| 010 | _a 85090259 | ||
| 040 |
_aNVC _cNVC _dOCL _dOCLCQ _dYDXCP _dCaSfIA |
||
| 020 | _a0533067596 | ||
| 020 | _a9780533067596 | ||
| 035 | _a(OCoLC)15096463 | ||
| 043 | _an-us-nv | ||
| 050 | 4 |
_aPS3568.R3 _bT7 |
|
| 100 | 1 | _aGray, R. Guild. | |
| 245 | 1 | 4 |
_aThe Treble V : _h[electronic resource] _bthe legacy of a cattle baron of the old West / _cby R. Guild Gray. |
| 260 |
_aNew York : _bVantage, _c1968. |
||
| 300 |
_ax, 669 ; _c24 cm. |
||
| 651 | 0 |
_aNevada _vFiction. |
|
| 856 | 4 | 1 |
_uhttp://www.archive.org/details/treblevlegacyofc00gray _zFree eBook from the Internet Archive |
| 856 | 4 | 2 |
_uhttp://www.openlibrary.org/books/OL24381927M _zAdditional information and access via Open Library |
| 942 | _cEB | ||
| 506 | _fНеобхідна авторизація на https://archive.org/ (створення облікового запису безкоштовно) | ||
| 506 | _fНеобхідна авторизація на https://openlibrary.org/ (створення облікового запису безкоштовно) | ||
| 999 |
_c559352 _d559352 |
||